000 01512pam a22003494a 4500
001 5872440
003 ARRUPE
005 20160316113948.0
008 060203s2006 miu b 001 0 eng
010 _a 2006003739
015 _aGBA629573
_2bnb
016 7 _a013420477
_2Uk
020 _a080283308X (pbk. : alk. paper)
024 3 _a9780802833082
035 _a(OCoLC)ocm63692615
035 _a(NNC)5872440
040 _aDLC
_cDLC
_dBAKER
_dUKM
_dC#P
_dCOO
_dYUS
_dIG#
_dOrLoB-B
042 _apcc
050 0 0 _aBT450
_b.H37 2006
082 0 0 _a232/.4
_222
100 1 _aHarrisville, Roy A.
_922906
245 1 0 _aFracture :
_bthe cross as irreconcilable in the language and thought of the biblical writers /
_cRoy A. Harrisville.
260 _aGrand Rapids, Mich. :
_bWilliam B. Eerdmans Pub. Co.,
_cc2006.
300 _axi, 298 p. ;
_c23 cm.
504 _aIncludes bibliographical references and indexes.
505 0 0 _g1.
_tIntroduction --
_g2.
_tThe death of Jesus in Paul --
_g3.
_tThe death of Jesus in Mark --
_g4.
_tThe death of Jesus in Matthew --
_g5.
_tThe death of Jesus in Luke --
_g6.
_tSynoptic confession of the crucified --
_g7.
_tThe death of Jesus in John --
_g8.
_tThe death of Jesus in Hebrews --
_g9.
_tThe death of Jesus in the First Epistle of Peter --
_g10.
_tConclusion.
600 0 0 _aJesus Christ
_xCrucifixion.
_92191
630 0 0 _aBible.
_pNew Testament
_xCriticism, interpretation, etc.
_922907
900 _bTOC
942 _2lcc
_cMONOGRAPH
948 2 _a20061003
_ba
_crad1
_dMPS
999 _c124365
_d124365